[Event "Dundee & Angus op Challengers"]
[Site "Dundee"]
[Date "2013.10.12"]
[Round "2"]
[White "Giulian Jackson, Rosemary"]
[Black "Hahn, Lilli"]
[Result "1/2-1/2"]
[WhiteElo "1694"]
[BlackElo "1773"]
[PlyCount "73"]
[EventDate "2013.10.11"]
[EventType "swiss"]
[EventRounds "5"]
[EventCountry "SCO"]
[SourceTitle "EXT 2017"]
[Source "ChessBase"]
[SourceDate "2016.10.25"]
[SourceVersion "1"]
[SourceVersionDate "2016.10.25"]
[SourceQuality "1"]

1. e4 c5 2. c3 d5 3. exd5 Qxd5 4. d4 Nc6 5. Nf3 e6 6. Be3 cxd4 7. cxd4 Nf6 8. a3 Be7 9. Bd3 0-0 10. 0-0 b6 11. Nc3 Qd8 12. Qe2 Bb7 13. Rfd1 Nd5 14. Rac1 Rc8 15. Nxd5 Qxd5 16. Bc4 Qh5 17. Ba6 Bxa6 18. Qxa6 Bf6 19. b4 Qd5 20. Rd2 Ne7 21. Rdc2 Qd7 22. h3 Rxc2 23. Rxc2 Rc8 24. Rxc8+ Nxc8 25. Ne5 Bxe5 26. dxe5 Qc7 27. Qb5 Kf8 28. Qd3 Ne7 29. Qxh7 Qxe5 30. Qh8+ Ng8 31. Qh4 Qc7 32. Qd4 e5 33. Qe4 f6 34. Qa8+ Kf7 35. Qd5+ Kf8 36. Qa8+ Kf7 37. Qd5+ 1/2-1/2

[Event "Stuttgart-chB int"]
[Site "Ditzingen"]
[Date "2009.05.24"]
[Round "7"]
[White "Hengster, Wolfgang"]
[Black "Hahn, Lilli"]
[Result "1/2-1/2"]
[WhiteElo "1628"]
[BlackElo "1697"]
[PlyCount "77"]
[EventDate "2009.05.21"]
[EventType "swiss"]
[EventRounds "7"]
[EventCountry "GER"]
[SourceTitle "EXT 2018"]
[Source "ChessBase"]
[SourceDate "2017.10.13"]
[SourceVersion "1"]
[SourceVersionDate "2017.10.13"]
[SourceQuality "1"]

1. d4 d5 2. c4 Nf6 3. Nc3 e6 4. Bg5 c6 5. e3 Nbd7 6. a3 Be7 7. Nf3 dxc4 8. Bxc4 Nb6 9. Bd3 Nfd5 10. Bxe7 Qxe7 11. Ne4 Nd7 12. Rc1 h6 13. 0-0 0-0 14. Qb3 e5 15. Rfd1 exd4 16. Nxd4 N7b6 17. h3 Kh8 18. Bb1 f5 19. Nc5 Rf6 20. Qd3 Qf7 21. Rd2 Qh5 22. Nf3 Qe8 23. Re1 Kg8 24. Bc2 Nd7 25. Nxd7 Bxd7 26. Kf1 Rd8 27. Bb3 Kh8 28. Kg1 Bc8 29. Bc2 Kg8 30. e4 fxe4 31. Rxe4 Re6 32. Rxe6 Qxe6 33. Re2 Qf6 34. Qh7+ Kf8 35. Bg6 Ne7 36. Bb1 Rd1+ 37. Re1 Rxe1+ 38. Nxe1 Be6 39. Qc2 1/2-1/2

[Event "Stuttgart-chB int"]
[Site "Ditzingen"]
[Date "2009.05.23"]
[Round "5"]
[White "Witt, Holger"]
[Black "Hahn, Lilli"]
[Result "0-1"]
[WhiteElo "1555"]
[BlackElo "1697"]
[PlyCount "56"]
[EventDate "2009.05.21"]
[EventType "swiss"]
[EventRounds "7"]
[EventCountry "GER"]
[SourceTitle "EXT 2018"]
[Source "ChessBase"]
[SourceDate "2017.10.13"]
[SourceVersion "1"]
[SourceVersionDate "2017.10.13"]
[SourceQuality "1"]

1. e4 d5 2. exd5 Nf6 3. d4 Qxd5 4. c4 Qd8 5. Nc3 Bf5 6. Nf3 Nbd7 7. Bd3 Bxd3 8. Qxd3 e6 9. Bg5 Be7 10. 0-0 0-0 11. Rad1 c6 12. Ne5 Nb6 13. b3 Nfd7 14. Bxe7 Qxe7 15. Nxd7 Qxd7 16. Rd2 Rad8 17. Rfd1 Qe7 18. Qc2 Rd7 19. d5 cxd5 20. cxd5 exd5 21. Nxd5 Nxd5 22. Qc4 Rfd8 23. Kf1 Nb6 24. Rxd7 Rxd7 25. Qg4 Rxd1+ 26. Qxd1 Qd7 27. Qe1 Qd3+ 28. Kg1 h6 0-1

[Event "Wuerttemberg-ch (Women)"]
[Site "Tuebingen"]
[Date "2007.08.29"]
[Round "1"]
[White "Hahn, Lilli"]
[Black "Stitterich, Nadine"]
[Result "0-1"]
[WhiteElo "1150"]
[BlackElo "1691"]
[PlyCount "98"]
[EventDate "2007.08.29"]
[EventType "swiss"]
[EventRounds "5"]
[EventCountry "GER"]
[SourceTitle "CBM 120 Extra"]
[Source "ChessBase"]
[SourceDate "2007.11.01"]
[SourceVersion "1"]
[SourceVersionDate "2007.11.01"]
[SourceQuality "1"]

1. e4 e5 2. Nf3 Nc6 3. Bc4 Bc5 4. d3 Nf6 5. Nc3 d6 6. h3 h6 7. a3 Be6 8. Ba2 a6 9. 0-0 Qd7 10. Bxe6 fxe6 11. Be3 Ba7 12. Bxa7 Nxa7 13. Nh2 0-0-0 14. a4 Nc6 15. Qd2 d5 16. f3 g5 17. Ng4 Nxg4 18. fxg4 dxe4 19. Nxe4 Qd4+ 20. Kh1 Qxe4 21. Qxg5 Qxg2+ 22. Kxg2 hxg5 23. Rf6 Rde8 24. Raf1 Nd4 25. c3 Ne2 26. R6f3 Nf4+ 27. Kh2 Rd8 28. Rd1 Rh4 29. d4 exd4 30. Rxd4 Rdh8 31. Re4 Rxh3+ 32. Rxh3 Rxh3+ 33. Kg1 Rg3+ 34. Kf2 Rxg4 35. Kf3 Rg1 36. Re5 Rf1+ 37. Kg4 Rg1+ 38. Kf3 Rg2 39. b3 Rg1 40. Rc5 Kd7 41. Re5 Kd6 42. Ra5 c5 43. b4 cxb4 44. cxb4 Nd3 45. b5 Nc5 46. Kf2 Ra1 47. bxa6 bxa6 48. Ke3 Rxa4 49. Rxa4 Nxa4 0-1

[Event "Wuerttemberg-ch U12"]
[Site "Friedrichshafen"]
[Date "2005.03.31"]
[Round "5"]
[White "Hahn, Lilli"]
[Black "Scheu, Vincent"]
[Result "1/2-1/2"]
[WhiteElo "798"]
[BlackElo "1083"]
[PlyCount "127"]
[EventDate "2005.03.29"]
[EventType "swiss"]
[EventRounds "7"]
[EventCountry "GER"]
[SourceTitle "EXT 2007"]
[Source "ChessBase"]
[SourceDate "2006.11.23"]
[SourceVersion "1"]
[SourceVersionDate "2006.11.23"]
[SourceQuality "1"]

1. e4 e5 2. Nf3 Nc6 3. Nc3 Bc5 4. Bc4 Nf6 5. d3 h6 6. Qe2 0-0 7. 0-0 d6 8. h3 Nd4 9. Nxd4 Bxd4 10. Nd5 c6 11. Nxf6+ Qxf6 12. c3 Bb6 13. Be3 Qg6 14. Bxb6 axb6 15. Qf3 b5 16. Bb3 Bd7 17. Qg3 Qh5 18. Bd1 Qg6 19. Qxg6 fxg6 20. Bb3+ Kh7 21. a3 c5 22. Bd5 Ra7 23. Ra2 Rfa8 24. Rfa1 Bc6 25. Bxc6 bxc6 26. g3 b4 27. a4 bxc3 28. bxc3 Rb7 29. Ra3 Rb2 30. Rd1 Rc2 31. a5 Ra6 32. f4 exf4 33. gxf4 Rb2 34. e5 dxe5 35. fxe5 Re2 36. d4 cxd4 37. cxd4 Re4 38. Kf2 Rf4+ 39. Kg3 Rf8 40. e6 Kg8 41. e7 Re8 42. Re1 Kf7 43. Rf3+ Kg8 44. Re5 Raa8 45. Kf4 Ra7 46. Rfe3 Kf7 47. R5e4 Rxa5 48. Kf3 Ra7 49. Ke2 Raxe7 50. Rxe7+ Rxe7 51. Rxe7+ Kxe7 52. Kd3 Kd6 53. Kc4 h5 54. Kd3 c5 55. dxc5+ Kxc5 56. Ke4 Kd6 57. Kf4 Ke6 58. Kg5 Kf7 59. h4 Kg8 60. Kxg6 Kh8 61. Kxh5 Kh7 62. Kg5 g6 63. h5 gxh5 64. Kxh5 1/2-1/2